000 00406nam a22001577a 4500
999 _c15594
_d15594
003 OSt
008 190517b ||||| |||| 00| 0 eng d
020 _a9789351246794
082 _a664
_bKET/OB
100 _aKethavathu, Murali Naik
_94073
245 _aObjective Food Technology
260 _aNew Delhi
_bDaya Publishing House
_c2019
300 _a230 p.
700 _aBalfour, Deepika
_94074
942 _cBK